000 02524nam a2200469 a 4500
001 ebr10541110
003 CaPaEBR
006 m u
007 cr cn|||||||||
008 110829s2012 txu sb 001 0deng d
010 _z 2011035011
020 _z9780292735965 (cloth : alk. paper)
020 _z9780292735972 (e-book)
040 _aCaPaEBR
_cCaPaEBR
035 _a(OCoLC)785394708
043 _ae-gr---
_aa-iq---
_aa-ii---
050 1 4 _aDF235.4
_b.R65 2012eb
082 0 4 _a938/.08
_223
100 1 _aRoisman, Joseph,
_d1946-
245 1 0 _aAlexander's veterans and the early wars of the successors
_h[electronic resource] /
_cby Joseph Roisman.
250 _a1st ed.
260 _aAustin :
_bUniversity of Texas Press,
_c2012.
300 _axiv, 264 p.
490 1 _aFordyce W. Mitchel Memorial Lecture Series
504 _aIncludes bibliographical references and index.
505 0 _aMap of Alexander's Campaigns -- Motives and Bias in the History of Hieronymus of Cardia -- Alexander and Discontent : The King and His Army in India and Opis, Mesopotamia -- The Veterans and the Macedonian Internal Strife in Babylon (323) -- The Dissolution of the Royal Army, I : The Veterans of Perdiccas and Craterus -- The Dissolution of the Royal Army, II : The Veterans of Eumenes, Neoptolemus and Alcetas, and the Meeting in Triparadeisus -- The Veterans, Eumenes, and Antigonus in Asia Minor -- Eumenes and the Silver Shields -- The Silver Shields in Battle and Eumenes' Death.
533 _aElectronic reproduction.
_bPalo Alto, Calif. :
_cebrary,
_d2013.
_nAvailable via World Wide Web.
_nAccess may be limited to ebrary affiliated libraries.
600 0 0 _aAlexander,
_cthe Great,
_d356-323 B.C.
_xFriends and associates.
650 0 _aVeterans
_zGreece
_xHistory
_yTo 1500.
650 0 _aGenerals
_zGreece
_xHistory
_yTo 1500.
651 0 _aGreece
_xHistory
_yMacedonian Hegemony, 323-281 B.C.
651 0 _aGreece
_xHistory
_yMacedonian Hegemony, 323-281 B.C.
_xHistoriography.
651 0 _aGreece
_xKings and rulers
_xSuccession
_xHistory
_yTo 1500.
651 0 _aGreece
_xHistory, Military
_yTo 146 B.C.
651 0 _aBabylonia
_xHistory, Military.
651 0 _aIndia
_xHistory, Military.
651 0 _aTurkey
_xHistory, Military.
655 7 _aElectronic books.
_2local
710 2 _aebrary, Inc.
830 0 _aFordyce W. Mitchel Memorial Lecture Series.
856 4 0 _uhttp://site.ebrary.com/lib/rucke/Doc?id=10541110
_zAn electronic book accessible through the World Wide Web; click to view
999 _c246906
_d246906